| 000 | 00480nam a2200181Ia 4500 | ||
|---|---|---|---|
| 003 | LK-CoDNM | ||
| 005 | 20240910103608.0 | ||
| 008 | 010623t1908 xxu||||| |||| 00| 1 eng d | ||
| 040 |
_aLK-CoDNM _dLK-CoDNM _eLK-CoDNM |
||
| 041 | _aeng | ||
| 080 |
_a6 _bD18 |
||
| 100 | _aFrank Modder, F.R.G.S. | ||
| 245 | _aManual of the Puttalam District | ||
| 260 |
_bH.C. Cottle _aColombo _c1908 |
||
| 300 | _bxv, 183p. : ill , map ; 22 cm | ||
| 650 | _aNorth western province | ||
| 942 | _cBK | ||
| 999 |
_c86707 _d86707 |
||